书目信息 |
| 题名: |
核磁共振在有机化学中的应用
|
|
| 作者: | 罗伯茨 , Roberts 著 ;黄维垣 译 | |
| 分册: | ||
| 出版信息: | 北京 科学出版社 1961 |
|
| 页数: | 114页 | |
| 开本: | 21cm | |
| 丛书名: | ||
| 单 册: | ||
| 中图分类: | O641.13 | |
| 科图分类: | ||
| 主题词: | 核磁共振谱法-应用-有机化学 , 有机化学-核磁共振谱法 | |
| 电子资源: | ||
| ISBN: | 13031.1501 | |
| 000 | 00842nam0 2200265 450 | |
| 001 | 0161002114 | |
| 005 | 20100713030631.0 | |
| 010 | @a13031.1501@dCNY0.56 | |
| 091 | @a13031.1501@d¥0.56 | |
| 100 | @a19960207d1961 em y0chiy0110 ea | |
| 101 | 1 | @achi |
| 102 | @aCN@b110000 | |
| 105 | @afk z 000yy | |
| 106 | @ar | |
| 200 | 1 | @a核磁共振在有机化学中的应用@9He;Hu Ci Gong Zhen Zai You Ji Hua Xue Zhong De;Di Ying Yong @f(J.D.)罗伯茨(Roberts,J.D.)著@g黄维垣等译 |
| 210 | @a北京@c科学出版社@d1961 | |
| 215 | @a114页@c图,表@d21cm | |
| 606 | 0 | @a核磁共振谱法-应用-有机化学 |
| 606 | 0 | @a有机化学-核磁共振谱法 |
| 690 | @aO641.13@v3 | |
| 701 | 1 | @a罗伯茨@9luo bo ci@bJ.D.@4著 |
| 701 | 1 | @aRoberts@bJ.D.@4著 |
| 702 | 0 | @a黄维垣@9huang wei yuan@f(1921.12~)@4译 |
| 801 | 0 | @aCN@b91MARC@c20130904 |
| 905 | @aBZT@dO641.13@e1@f2@sO641.13/1 | |
| 核磁共振在有机化学中的应用/(J.D.)罗伯茨(Roberts,J.D.)著/黄维垣等译.-北京:科学出版社,1961 |
| 114页:图,表;21cm |
| ISBN 13031.1501:CNY0.56 |
| ● |
| 相关链接 |
|
|
|
正题名:核磁共振在有机化学中的应用
索取号:O641.13/1
 
预约/预借
| 序号 | 登录号 | 条形码 | 馆藏地/架位号 | 状态 | 备注 |
| 1 | 2000139511 | 2000139511 | 旧书回溯/ [索取号:O641.13/1] | 在馆 | |
| 2 | 2000139512 | 2000139512 | 旧书回溯/ [索取号:O641.13/1] | 在馆 |